[Event "Titled Tuesday intern op 05th Sep Early"]
[Site "Chess.com INT"]
[Date "2023.09.05"]
[Round "4"]
[White "Chernov, Mikhail"]
[Black "Vovk, Orest"]
[Result "0-1"]
[WhiteElo "2167"]
[BlackElo "2315"]
[PlyCount "74"]
[EventDate "2023.09.05"]
[EventType "swiss (blitz)"]
[EventRounds "11"]
[EventCountry "USA"]
[SourceTitle "EXT 2024"]
[Source "ChessBase"]
[SourceDate "2023.10.10"]
[SourceVersion "1"]
[SourceVersionDate "2023.10.10"]
[SourceQuality "1"]

1. e4 g6 2. d4 Nf6 3. Nc3 d5 4. e5 Ne4 5. f3 Nxc3 6. bxc3 c5 7. f4 Nc6 8. Nf3 Qb6 9. Be3 Bg4 10. Be2 e6 11. 0-0 Bxf3 12. Bxf3 Be7 13. Rb1 Qa6 14. dxc5 Na5 15. Bd4 Qc6 16. Qd2 Bxc5 17. Qf2 Bxd4 18. cxd4 Nc4 19. Rb3 b6 20. Be2 0-0 21. Bxc4 dxc4 22. Rh3 h5 23. c3 Qe4 24. Re1 Qf5 25. a4 Kg7 26. Rg3 h4 27. Rf3 Rh8 28. Rd1 Qe4 29. Re3 Qd5 30. Qe2 Rh5 31. h3 Rf5 32. Rf1 a5 33. Kh2 b5 34. axb5 Qxb5 35. Qa2 Qb3 36. Re2 Qxc3 37. Rf3 Qxd4 0-1

[Event "Titled Tuesday intern op 16th May Early"]
[Site "Chess.com INT"]
[Date "2023.05.16"]
[Round "8"]
[White "Chernov, Mikhail"]
[Black "Sailer, Mike L"]
[Result "0-1"]
[WhiteElo "2205"]
[BlackElo "2109"]
[PlyCount "54"]
[EventDate "2023.05.16"]
[EventType "swiss (blitz)"]
[EventRounds "11"]
[EventCountry "USA"]
[SourceTitle "CBM 214 Extra"]
[Source "ChessBase"]
[SourceDate "2023.07.31"]
[SourceVersion "1"]
[SourceVersionDate "2023.07.31"]
[SourceQuality "1"]

1. e4 d5 2. exd5 Qxd5 3. Nc3 Qd6 4. d4 Nf6 5. Nf3 c6 6. Ne5 Nbd7 7. Nc4 Qc7 8. Qf3 Nb6 9. Bf4 Qd8 10. 0-0-0 Bg4 11. Qe3 Bxd1 12. Nxd1 Nbd5 13. Qd2 Nxf4 14. Qxf4 e6 15. Nde3 Nd5 16. Nxd5 Qxd5 17. Ne5 f6 18. Nf3 Bd6 19. Qg4 Qxa2 20. Qxg7 0-0-0 21. c3 Bf4+ 22. Kc2 Qa4+ 23. Kb1 Qd1+ 24. Ka2 Rhe8 25. Qxf6 Rd5 26. Bb5 Qxh1 27. Qxf4 Rxb5 0-1

[Event "Titled Tuesday intern op 02nd May Early"]
[Site "Chess.com INT"]
[Date "2023.05.02"]
[Round "9"]
[White "Adithya, A Chullikkad"]
[Black "Chernov, Mikhail"]
[Result "1-0"]
[WhiteElo "2215"]
[BlackElo "2205"]
[PlyCount "69"]
[EventDate "2023.05.02"]
[EventType "swiss (blitz)"]
[EventRounds "11"]
[EventCountry "USA"]
[SourceTitle "EXT 2024"]
[Source "ChessBase"]
[SourceDate "2023.10.10"]
[SourceVersion "1"]
[SourceVersionDate "2023.10.10"]
[SourceQuality "1"]

1. d4 d5 2. c4 Nc6 3. cxd5 Qxd5 4. Nf3 e5 5. e3 Bg4 6. Be2 0-0-0 7. 0-0 exd4 8. Nxd4 Bxe2 9. Qxe2 Nxd4 10. exd4 Nf6 11. Nc3 Qxd4 12. Be3 Qd3 13. Qf3 Bb4 14. Rad1 Qa6 15. Bd4 Rd6 16. Bxf6 Rxf6 17. Qg4+ Kb8 18. Qxb4 Qc6 19. Qd4 a6 20. Qd5 Qb6 21. b3 Re8 22. Qd4 Qc6 23. Rfe1 Rc8 24. Qd5 Qb6 25. Ne4 Rg6 26. Nc5 Qb5 27. a4 Qb4 28. Re4 Rd6 29. Rxb4 Rxd5 30. Rxb7+ Ka8 31. Rxd5 Re8 32. g3 h5 33. Rxc7 h4 34. gxh4 g5 35. Rdd7 1-0

[Event "Titled Tuesday intern op 02nd May Early"]
[Site "Chess.com INT"]
[Date "2023.05.02"]
[Round "8"]
[White "Chernov, Mikhail"]
[Black "Ilamparthi, AR."]
[Result "0-1"]
[WhiteElo "2205"]
[BlackElo "2388"]
[PlyCount "104"]
[EventDate "2023.05.02"]
[EventType "swiss (blitz)"]
[EventRounds "11"]
[EventCountry "USA"]
[SourceTitle "EXT 2024"]
[Source "ChessBase"]
[SourceDate "2023.10.10"]
[SourceVersion "1"]
[SourceVersionDate "2023.10.10"]
[SourceQuality "1"]

1. e4 c5 2. Nf3 e6 3. d3 Nc6 4. g3 g6 5. Bg2 Bg7 6. 0-0 Nge7 7. Nbd2 d5 8. Re1 0-0 9. Nf1 Rb8 10. Qe2 b5 11. e5 a5 12. h4 a4 13. N1h2 a3 14. bxa3 f6 15. Ng4 fxe5 16. Ngxe5 Nxe5 17. Nxe5 Qd6 18. Bf4 Rxf4 19. gxf4 Nf5 20. h5 Nd4 21. Qd1 g5 22. h6 Bxh6 23. Qh5 Qf8 24. Ng4 Bg7 25. Bxd5 Nxc2 26. Be4 h6 27. Qg6 Qxf4 28. Qe8+ Qf8 29. Qg6 Qf4 30. Qe8+ Qf8 31. Qg6 Qe7 32. Nxh6+ Kf8 33. Rac1 Nxe1 34. Rxe1 Qf6 35. Qxf6+ Bxf6 36. Ng4 Bc3 37. Re3 e5 38. Rf3+ Ke7 39. Nh6 Be6 40. Nf5+ Kd7 41. Ng3 Bxa2 42. Rf6 b4 43. axb4 cxb4 44. Nf5 Be6 45. Ng7 Bg8 46. Ra6 b3 47. Bf5+ Kc7 48. Ra7+ Kb6 49. Ra3 b2 50. d4 exd4 51. Ne6 Bxe6 52. Bxe6 b1Q+ 0-1

[Event "Titled Tuesday intern op 18th Apr Early"]
[Site "Chess.com INT"]
[Date "2023.04.18"]
[Round "2"]
[White "Chernov, Mikhail"]
[Black "Floresvillar Gonzalez, Luis Miguel"]
[Result "1-0"]
[WhiteElo "2205"]
[BlackElo "2075"]
[PlyCount "55"]
[EventDate "2023.04.18"]
[EventType "swiss (blitz)"]
[EventRounds "11"]
[EventCountry "USA"]
[SourceTitle "EXT 2024"]
[Source "ChessBase"]
[SourceDate "2023.10.10"]
[SourceVersion "1"]
[SourceVersionDate "2023.10.10"]
[SourceQuality "1"]

1. d4 d5 2. Nc3 Nf6 3. Bf4 c6 4. e3 Bf5 5. Nf3 e6 6. Ne5 Nbd7 7. g4 Be4 8. f3 Bg6 9. h4 h6 10. Nxg6 fxg6 11. Bd3 Kf7 12. h5 gxh5 13. gxh5 Bb4 14. Bg6+ Kg8 15. Qd3 Nf8 16. 0-0-0 Nxg6 17. Qxg6 Bxc3 18. bxc3 Qe8 19. Qg2 Nxh5 20. Be5 Rh7 21. Rdg1 g5 22. f4 Ng7 23. fxg5 hxg5 24. Rxh7 Kxh7 25. Qxg5 Qf7 26. Bxg7 Qf5 27. Qh6+ Kg8 28. Bf6+ 1-0

[Event "Titled Tuesday intern op 11th Apr Early"]
[Site "Chess.com INT"]
[Date "2023.04.11"]
[Round "5"]
[White "Ambartsumova, Karina"]
[Black "Chernov, Mikhail"]
[Result "1/2-1/2"]
[WhiteElo "2393"]
[BlackElo "2205"]
[PlyCount "77"]
[EventDate "2023.04.11"]
[EventType "swiss (blitz)"]
[EventRounds "11"]
[EventCountry "USA"]
[SourceTitle "CBM 213 Extra"]
[Source "ChessBase"]
[SourceDate "2023.05.31"]
[SourceVersion "1"]
[SourceVersionDate "2023.05.31"]
[SourceQuality "1"]

1. e4 c5 2. Nf3 Nc6 3. d4 cxd4 4. Nxd4 Nf6 5. Nc3 d6 6. Bg5 e6 7. Nb3 a6 8. Qf3 Be7 9. Be2 Qc7 10. Qg3 b5 11. f3 0-0 12. Bh6 Ne8 13. 0-0 Bb7 14. Rad1 Ne5 15. a3 Bf6 16. Bg5 Rc8 17. Nd4 Nc4 18. Bxc4 Qxc4 19. Bxf6 Nxf6 20. Qxd6 Rfd8 21. Qb6 Rb8 22. Nb3 Nd7 23. Qe3 b4 24. Rd4 Qc7 25. axb4 Bc6 26. Na5 Bb5 27. Rfd1 Nb6 28. Rxd8+ Rxd8 29. Qc5 Rxd1+ 30. Nxd1 Qd8 31. Ne3 h5 32. h3 Qd2 33. Nb3 Qe1+ 34. Kh2 h4 35. Qxb6 Qg3+ 36. Kg1 Qe1+ 37. Kh2 Qg3+ 38. Kg1 Qe1+ 39. Kh2 1/2-1/2

[Event "Titled Tuesday intern op 11th Apr Early"]
[Site "Chess.com INT"]
[Date "2023.04.11"]
[Round "2"]
[White "Chernov, Mikhail"]
[Black "Cherniaiev, Tykhon"]
[Result "0-1"]
[WhiteElo "2205"]
[BlackElo "2330"]
[PlyCount "78"]
[EventDate "2023.04.11"]
[EventType "swiss (blitz)"]
[EventRounds "11"]
[EventCountry "USA"]
[SourceTitle "CBM 213 Extra"]
[Source "ChessBase"]
[SourceDate "2023.05.31"]
[SourceVersion "1"]
[SourceVersionDate "2023.05.31"]
[SourceQuality "1"]

1. d4 Nf6 2. Nc3 d5 3. Bf4 c5 4. e3 a6 5. Nf3 Nc6 6. Be2 e6 7. 0-0 Bd6 8. Bg5 0-0 9. dxc5 Bxc5 10. Bd3 h6 11. Bh4 Be7 12. e4 Nxe4 13. Bxe7 Nxc3 14. Bxd8 Nxd1 15. Raxd1 Rxd8 16. c4 dxc4 17. Bxc4 Rxd1 18. Rxd1 Kf8 19. Kf1 Ke7 20. Ke2 b5 21. Bd3 Bb7 22. Be4 Rc8 23. Ne5 Nxe5 24. Bxb7 Rc2+ 25. Rd2 Rxd2+ 26. Kxd2 a5 27. Ba6 b4 28. a3 bxa3 29. bxa3 Kd6 30. Kc3 Kc5 31. Be2 Nc6 32. f4 Nd4 33. Bd1 Nb5+ 34. Kb3 Nd4+ 35. Ka4 Kb6 36. g3 g6 37. g4 g5 38. fxg5 hxg5 39. h3 f6 0-1

[Event "Titled Tuesday intern op 11th Apr Early"]
[Site "Chess.com INT"]
[Date "2023.04.11"]
[Round "1"]
[White "Chernov, Mikhail"]
[Black "Hambleton, Aman"]
[Result "1-0"]
[WhiteElo "2205"]
[BlackElo "2420"]
[PlyCount "75"]
[EventDate "2023.04.11"]
[EventType "swiss (blitz)"]
[EventRounds "11"]
[EventCountry "USA"]
[SourceTitle "CBM 213 Extra"]
[Source "ChessBase"]
[SourceDate "2023.05.31"]
[SourceVersion "1"]
[SourceVersionDate "2023.05.31"]
[SourceQuality "1"]

1. d4 Nf6 2. Nc3 d5 3. Bf4 a6 4. e3 e6 5. g4 Bd6 6. g5 Nfd7 7. Qf3 Qe7 8. 0-0-0 Bxf4 9. Qxf4 c5 10. dxc5 Nxc5 11. Nf3 0-0 12. h4 Nc6 13. h5 f6 14. Qg3 f5 15. h6 Ne4 16. Nxe4 fxe4 17. Ne5 Nxe5 18. Qxe5 Rf5 19. Qd4 Rxg5 20. Bh3 gxh6 21. Rhg1 Bd7 22. Rxg5+ hxg5 23. Rg1 Rf8 24. Qe5 h6 25. c4 dxc4 26. Qxe4 Kg7 27. Kb1 Bc6 28. Qxc4 Rf7 29. Qd4+ Qf6 30. Qc5 Qxf2 31. Rc1 Be4+ 32. Ka1 Qd2 33. Bxe6 Rf6 34. Qe7+ Kg6 35. Qe8+ Kg7 36. Rc7+ Rf7 37. Qxf7+ Kh8 38. Qg7# 1-0

[Event "Titled Tuesday intern op 11th Apr Early"]
[Site "Chess.com INT"]
[Date "2023.04.11"]
[Round "6"]
[White "Itgelt, Khuyagtsogt"]
[Black "Chernov, Mikhail"]
[Result "1-0"]
[WhiteElo "2241"]
[BlackElo "2205"]
[PlyCount "77"]
[EventDate "2023.04.11"]
[EventType "swiss (blitz)"]
[EventRounds "11"]
[EventCountry "USA"]
[SourceTitle "CBM 213 Extra"]
[Source "ChessBase"]
[SourceDate "2023.05.31"]
[SourceVersion "1"]
[SourceVersionDate "2023.05.31"]
[SourceQuality "1"]

1. c4 c5 2. Nf3 Nc6 3. Nc3 e5 4. e3 f5 5. d4 e4 6. Ne5 Nf6 7. Be2 Be7 8. 0-0 d6 9. Nxc6 bxc6 10. dxc5 dxc5 11. Qxd8+ Kxd8 12. b3 Be6 13. Ba3 Kc7 14. Na4 Nd7 15. Bb2 Rhg8 16. f3 exf3 17. Bxf3 g6 18. Rad1 Nb6 19. Be5+ Kb7 20. Nc3 Rad8 21. Nb5 Nc8 22. a3 Kb6 23. Bc7+ Kb7 24. Bxd8 Bxd8 25. Nd6+ Kc7 26. Nxc8 Bxc8 27. Rd3 Re8 28. Kf2 Bh4+ 29. g3 Bg5 30. h4 Bh6 31. b4 cxb4 32. axb4 Re7 33. Ra1 a6 34. b5 cxb5 35. cxb5 Re6 36. Rc3+ Kb8 37. bxa6 Bxa6 38. Rb1+ Ka7 39. Rc7+ 1-0

[Event "Titled Tuesday intern op 11th Apr Early"]
[Site "Chess.com INT"]
[Date "2023.04.11"]
[Round "3"]
[White "Perez Gormaz, Matias Ariel"]
[Black "Chernov, Mikhail"]
[Result "0-1"]
[WhiteElo "2421"]
[BlackElo "2205"]
[PlyCount "126"]
[EventDate "2023.04.11"]
[EventType "swiss (blitz)"]
[EventRounds "11"]
[EventCountry "USA"]
[SourceTitle "CBM 213 Extra"]
[Source "ChessBase"]
[SourceDate "2023.05.31"]
[SourceVersion "1"]
[SourceVersionDate "2023.05.31"]
[SourceQuality "1"]

1. e4 c5 2. Nf3 Nc6 3. Bb5 g6 4. Bxc6 bxc6 5. 0-0 Bg7 6. c3 d6 7. d4 cxd4 8. cxd4 Nh6 9. h3 0-0 10. Nc3 f6 11. Qc2 Nf7 12. b3 Bd7 13. Bb2 Qa5 14. Rfd1 Qh5 15. Nh2 g5 16. Qe2 Qg6 17. Rd3 h5 18. Rad1 Rae8 19. Rg3 f5 20. exf5 Bxf5 21. Re3 g4 22. hxg4 hxg4 23. Nf1 e5 24. Ng3 Bc8 25. d5 c5 26. Nb5 Bh6 27. Re4 Bf4 28. Nxa7 Ng5 29. Ra4 Bd7 30. Nc6 Rf7 31. Bc1 Rh7 32. Bxf4 exf4 33. Ra8 Rxa8 34. Ne7+ Rxe7 35. Qxe7 fxg3 36. Qxd7 gxf2+ 37. Kxf2 Qf7+ 38. Qxf7+ Nxf7 39. Rd2 Ne5 40. Ke3 Kf7 41. Ke4 Kf6 42. Rf2+ Kg5 43. Rf5+ Kh4 44. Rf6 Ra6 45. Kf4 Kh5 46. g3 Rxa2 47. Rxd6 Ng6+ 48. Ke3 Rg2 49. Rd7 Rxg3+ 50. Ke4 Rxb3 51. Kf5 Rf3+ 52. Ke4 Rf1 53. d6 Kg5 54. Rc7 Rd1 55. Rxc5+ Kh4 56. Rc6 g3 57. Kf3 Rd3+ 58. Kg2 Nf4+ 59. Kf1 Kg4 60. Ke1 Kf3 61. Rc3 Rxc3 62. Kd2 Rc5 63. d7 Rd5+ 0-1

[Event "Titled Tuesday intern op 11th Apr Early"]
[Site "Chess.com INT"]
[Date "2023.04.11"]
[Round "10"]
[White "Pham, Le Thao Nguyen"]
[Black "Chernov, Mikhail"]
[Result "1-0"]
[WhiteElo "2369"]
[BlackElo "2205"]
[PlyCount "89"]
[EventDate "2023.04.11"]
[EventType "swiss (blitz)"]
[EventRounds "11"]
[EventCountry "USA"]
[SourceTitle "CBM 213 Extra"]
[Source "ChessBase"]
[SourceDate "2023.05.31"]
[SourceVersion "1"]
[SourceVersionDate "2023.05.31"]
[SourceQuality "1"]

1. d4 d5 2. Nf3 Nc6 3. Bf4 Bg4 4. Nbd2 e6 5. c3 Bd6 6. Bg3 Nf6 7. Qb3 Bxf3 8. exf3 Rb8 9. Bd3 0-0 10. 0-0 e5 11. dxe5 Nxe5 12. Bc2 Ng6 13. Rfe1 Nf4 14. Qa4 N6h5 15. Qxa7 Re8 16. Nf1 Qg5 17. Qa4 Ne2+ 18. Kh1 f5 19. Bxd6 cxd6 20. Bd3 Nhf4 21. Ng3 Nxg3+ 22. fxg3 Rxe1+ 23. Rxe1 Nxd3 24. Re8+ Kf7 25. Qd7+ Kg6 26. Re6+ Kh5 27. Qf7+ g6 28. h4 Qc1+ 29. Kh2 Nf2 30. Qxh7+ Qh6 31. Qf7 Rf8 32. Rxg6 Qxg6 33. Qxf8 Nd3 34. Qh8+ Qh6 35. g4+ fxg4 36. fxg4+ Kg6 37. Qe8+ Kg7 38. Qe7+ Kg8 39. Qe8+ Qf8 40. Qg6+ Qg7 41. Qxd3 Qxg4 42. Qxd5+ Kf8 43. Qxd6+ Kf7 44. Qg3 Qe2 45. Qf3+ 1-0

[Event "Titled Tuesday intern op 21st Mar Early"]
[Site "Chess.com INT"]
[Date "2023.03.21"]
[Round "7"]
[White "Chernov, Mikhail"]
[Black "Palacio, Igor Da Paz"]
[Result "1-0"]
[WhiteElo "2213"]
[BlackElo "2172"]
[PlyCount "79"]
[EventDate "2023.03.21"]
[EventType "swiss (blitz)"]
[EventRounds "11"]
[EventCountry "USA"]
[SourceTitle "EXT 2024"]
[Source "ChessBase"]
[SourceDate "2023.10.10"]
[SourceVersion "1"]
[SourceVersionDate "2023.10.10"]
[SourceQuality "1"]

1. d4 Nf6 2. Nc3 d6 3. e4 g6 4. Be3 c6 5. Qd2 b5 6. f3 Nbd7 7. Bd3 Qc7 8. Nce2 a6 9. c3 Bb7 10. h4 h5 11. Nh3 Bg7 12. Ng5 Nb6 13. Nf4 e5 14. dxe5 dxe5 15. Nfe6 fxe6 16. Nxe6 Qe7 17. Nxg7+ Qxg7 18. Bxb6 Nd7 19. Be3 0-0-0 20. 0-0-0 Qf7 21. Kb1 Nf8 22. Qc2 Ne6 23. a4 Nf4 24. axb5 axb5 25. Bc5 Rd7 26. g3 Nxd3 27. Rxd3 Rhd8 28. Rhd1 Kc7 29. Rxd7+ Rxd7 30. Rxd7+ Qxd7 31. Qe2 Qh3 32. Qf2 Qh1+ 33. Kc2 Bc8 34. Bb6+ Kb7 35. Bd8 Bd7 36. Qb6+ Ka8 37. Bc7 Qg2+ 38. Kb3 Be6+ 39. Ka3 Bc8 40. Qb8# 1-0

[Event "Titled Tuesday intern op 28th Feb Early"]
[Site "Chess.com INT"]
[Date "2023.02.28"]
[Round "10"]
[White "Chernov, Mikhail"]
[Black "Martin, Lewis"]
[Result "1-0"]
[WhiteElo "2213"]
[BlackElo "2135"]
[PlyCount "35"]
[EventDate "2023.02.28"]
[EventType "swiss (blitz)"]
[EventRounds "11"]
[EventCountry "USA"]
[SourceTitle "CBM 213 Extra"]
[Source "ChessBase"]
[SourceDate "2023.05.31"]
[SourceVersion "1"]
[SourceVersionDate "2023.05.31"]
[SourceQuality "1"]

1. e4 c5 2. Nf3 d6 3. d4 cxd4 4. Nxd4 Nf6 5. Nc3 a6 6. Bc4 e5 7. Nde2 b5 8. Bb3 Nbd7 9. 0-0 Be7 10. Nd5 0-0 11. Nxe7+ Qxe7 12. Kh1 Bb7 13. f3 Rfd8 14. Ng3 g6 15. Bg5 Nf8 16. f4 exf4 17. Rxf4 N8d7 18. Qf3 1-0

[Event "Titled Tuesday intern op 28th Feb Early"]
[Site "Chess.com INT"]
[Date "2023.02.28"]
[Round "7"]
[White "Fiorito, Joaquin"]
[Black "Chernov, Mikhail"]
[Result "1-0"]
[WhiteElo "2348"]
[BlackElo "2213"]
[PlyCount "57"]
[EventDate "2023.02.28"]
[EventType "swiss (blitz)"]
[EventRounds "11"]
[EventCountry "USA"]
[SourceTitle "CBM 213 Extra"]
[Source "ChessBase"]
[SourceDate "2023.05.31"]
[SourceVersion "1"]
[SourceVersionDate "2023.05.31"]
[SourceQuality "1"]

1. d4 d5 2. Nc3 Nf6 3. Bf4 c6 4. e3 Nbd7 5. Nf3 e6 6. h3 Bb4 7. Bd3 Qa5 8. Qd2 c5 9. dxc5 Nxc5 10. Bb5+ Bd7 11. Bxd7+ Ncxd7 12. 0-0 Ne4 13. Qe2 Nxc3 14. bxc3 Bxc3 15. Rab1 b6 16. Bd6 Qxa2 17. Qb5 Qc4 18. Qxc4 dxc4 19. Rfd1 f6 20. e4 e5 21. Nh4 a5 22. Nf5 g6 23. Ne3 Bd4 24. Nxc4 a4 25. Bb4 Kf7 26. c3 Nc5 27. cxd4 exd4 28. Nxb6 Rac8 29. Nxc8 1-0

[Event "Barnaul Kura Memorial"]
[Site "Barnaul"]
[Date "2023.02.25"]
[Round "5"]
[White "Bayantas, Asman"]
[Black "Chernov, Mikhail"]
[Result "1-0"]
[WhiteElo "1815"]
[BlackElo "2213"]
[PlyCount "99"]
[EventDate "2023.02.25"]
[EventType "swiss (rapid)"]
[EventRounds "11"]
[EventCountry "RUS"]
[SourceTitle "CBM 213 Extra"]
[Source "ChessBase"]
[SourceDate "2023.05.31"]
[SourceVersion "1"]
[SourceVersionDate "2023.05.31"]
[SourceQuality "1"]

1. d4 d5 2. c4 c6 3. Nf3 Nf6 4. g3 Bf5 5. Nc3 e6 6. Qb3 b6 7. Bg2 Bd6 8. Nh4 Bg6 9. Nxg6 hxg6 10. Bg5 0-0 11. 0-0 Nbd7 12. e4 Be7 13. cxd5 exd5 14. exd5 Nxd5 15. Bxd5 cxd5 16. Bxe7 Qxe7 17. Rfe1 Qd6 18. Qxd5 Qxd5 19. Nxd5 Rfd8 20. Rac1 Nf6 21. Nxf6+ gxf6 22. Re7 Rac8 23. Rxc8 Rxc8 24. Rxa7 Rc2 25. b3 Rd2 26. Rb7 Rxa2 27. Rxb6 Rd2 28. Rb4 Kf8 29. Kg2 Ke7 30. Kf3 Ke6 31. Ke3 Rd1 32. Rb6+ Kf5 33. h3 Rh1 34. Rb5+ Ke6 35. h4 Re1+ 36. Kd2 Rf1 37. Ke2 Rb1 38. Rb7 f5 39. Rb5 Kd6 40. b4 Ke6 41. Re5+ Kd6 42. b5 Rb4 43. Ke3 Rb3+ 44. Kf4 Rd3 45. Kg5 Rxd4 46. Re2 Rb4 47. Kf6 f4 48. Kxf7 fxg3 49. fxg3 Rg4 50. Re6+ 1-0

[Event "Barnaul Kura Memorial"]
[Site "Barnaul"]
[Date "2023.02.25"]
[Round "3"]
[White "Zvjaginsev, Vadim"]
[Black "Chernov, Mikhail"]
[Result "1-0"]
[WhiteElo "2598"]
[BlackElo "2213"]
[PlyCount "55"]
[EventDate "2023.02.25"]
[EventType "swiss (rapid)"]
[EventRounds "11"]
[EventCountry "RUS"]
[SourceTitle "CBM 213 Extra"]
[Source "ChessBase"]
[SourceDate "2023.05.31"]
[SourceVersion "1"]
[SourceVersionDate "2023.05.31"]
[SourceQuality "1"]

1. Nf3 c5 2. g3 Nc6 3. Bg2 e5 4. c4 g6 5. Nc3 Bg7 6. 0-0 d6 7. d3 Nge7 8. a3 0-0 9. Rb1 a5 10. Nd2 h6 11. Nd5 Nxd5 12. cxd5 Ne7 13. b4 cxb4 14. axb4 b5 15. bxa5 Qxa5 16. Qb3 Bd7 17. Ne4 Nf5 18. e3 Rfb8 19. Bd2 Qa4 20. Bb4 Rb6 21. h3 h5 22. Rfc1 Qxb3 23. Rxb3 Ra7 24. g4 hxg4 25. hxg4 Nh4 26. Nxd6 Nxg2 27. Kxg2 Bxg4 28. Nc8 1-0

[Event "Titled Tuesday intern op 14th Feb Early"]
[Site "Chess.com INT"]
[Date "2023.02.14"]
[Round "10"]
[White "Ardila, Oscar Humberto"]
[Black "Chernov, Mikhail"]
[Result "1-0"]
[WhiteElo "1982"]
[BlackElo "2213"]
[PlyCount "93"]
[EventDate "2023.02.14"]
[EventType "swiss (blitz)"]
[EventRounds "11"]
[EventCountry "USA"]
[SourceTitle "CBM 212 Extra"]
[Source "ChessBase"]
[SourceDate "2023.03.31"]
[SourceVersion "1"]
[SourceVersionDate "2023.03.31"]
[SourceQuality "1"]

1. d4 d5 2. Nf3 Nc6 3. g3 Bg4 4. Bg2 Qd7 5. 0-0 0-0-0 6. Bf4 f6 7. Nbd2 g5 8. Be3 Bh3 9. c4 Bxg2 10. Kxg2 h5 11. cxd5 Qxd5 12. Qb3 h4 13. Qxd5 Rxd5 14. Nb3 e6 15. Rfd1 Nh6 16. h3 hxg3 17. fxg3 g4 18. Nh4 gxh3+ 19. Kxh3 Nf5 20. Bf2 Bd6 21. e4 Nxh4 22. exd5 Nf5+ 23. Kg2 exd5 24. Rh1 Rg8 25. Rh3 Nb4 26. Rd1 Nxa2 27. Nc5 Bxg3 28. Bxg3 Ne3+ 29. Kf3 Nxd1 30. Rh7 Kb8 31. Bxc7+ Ka8 32. Rd7 Nxb2 33. Rxd5 Nc3 34. Rd7 b6 35. Na6 Nb5 36. Bf4 Nd3 37. Bg3 Nb2 38. d5 Nc4 39. d6 Nd4+ 40. Ke4 Ne6 41. Kd5 Rxg3 42. Kxe6 Re3+ 43. Kxf6 b5 44. Nc5 a5 45. Rd8+ Ka7 46. d7 Nb6 47. Re8 1-0

[Event "Titled Tuesday intern op 14th Feb Early"]
[Site "Chess.com INT"]
[Date "2023.02.14"]
[Round "6"]
[White "Escalona Landi, Samid Eduardo"]
[Black "Chernov, Mikhail"]
[Result "1-0"]
[WhiteElo "2218"]
[BlackElo "2213"]
[PlyCount "65"]
[EventDate "2023.02.14"]
[EventType "swiss (blitz)"]
[EventRounds "11"]
[EventCountry "USA"]
[SourceTitle "CBM 212 Extra"]
[Source "ChessBase"]
[SourceDate "2023.03.31"]
[SourceVersion "1"]
[SourceVersionDate "2023.03.31"]
[SourceQuality "1"]

1. e4 c5 2. Nf3 Nc6 3. Bb5 g6 4. Bxc6 bxc6 5. d3 Bg7 6. h3 d6 7. e5 dxe5 8. Qe2 f6 9. Nc3 Ba6 10. 0-0 Nh6 11. Ne4 c4 12. dxc4 0-0 13. Rd1 Qc8 14. Nc5 Nf5 15. b3 Bh6 16. Bxh6 Nxh6 17. Rd7 Re8 18. Qd2 Nf5 19. Qa5 Rd8 20. Rad1 Nd4 21. Rxd8+ Qxd8 22. Qxd8+ Rxd8 23. Nxd4 Bc8 24. c3 exd4 25. Rxd4 Re8 26. b4 Kf7 27. a4 e5 28. Rd6 Be6 29. Rxc6 Bxc4 30. Ne4 Bd5 31. Nd6+ Ke6 32. Ra6 Ra8 33. c4 1-0

[Event "Titled Tuesday intern op 03rd Jan Late"]
[Site "Chess.com INT"]
[Date "2023.01.03"]
[Round "6"]
[White "Bochnicka, Vladimir1111"]
[Black "Chernov, Mikhail"]
[Result "0-1"]
[WhiteElo "2345"]
[BlackElo "2213"]
[PlyCount "50"]
[EventDate "2023.01.03"]
[EventType "swiss (blitz)"]
[EventRounds "11"]
[EventCountry "USA"]
[SourceTitle "EXT 2024"]
[Source "ChessBase"]
[SourceDate "2023.10.10"]
[SourceVersion "1"]
[SourceVersionDate "2023.10.10"]
[SourceQuality "1"]

1. e4 c5 2. Nf3 Nc6 3. d4 cxd4 4. Nxd4 Nf6 5. Nc3 d6 6. f3 e5 7. Nb3 Be7 8. Be3 0-0 9. Qd2 a5 10. a4 Nb4 11. 0-0-0 Be6 12. Kb1 Rc8 13. g4 Nd7 14. h4 Nb6 15. Bb5 Nc4 16. Bxc4 Rxc4 17. g5 d5 18. exd5 Bf5 19. Rc1 Qd7 20. Nxa5 Rxc3 21. Qxc3 Qxa4 22. Qa3 Bxc2+ 23. Ka1 Qb5 24. Bd2 Ra8 25. Rxc2 Nxc2+ 0-1

[Event "Titled Tuesday intern op 03rd Jan Late"]
[Site "Chess.com INT"]
[Date "2023.01.03"]
[Round "4"]
[White "Chernov, Mikhail"]
[Black "Brilej, Jaka"]
[Result "1-0"]
[WhiteElo "2213"]
[BlackElo "2332"]
[PlyCount "121"]
[EventDate "2023.01.03"]
[EventType "swiss (blitz)"]
[EventRounds "11"]
[EventCountry "USA"]
[SourceTitle "EXT 2024"]
[Source "ChessBase"]
[SourceDate "2023.10.10"]
[SourceVersion "1"]
[SourceVersionDate "2023.10.10"]
[SourceQuality "1"]

1. d4 d5 2. Nc3 Nf6 3. Bf4 e6 4. e3 Bb4 5. Nge2 c5 6. dxc5 Nbd7 7. a3 Bxc5 8. Nb5 e5 9. Bg5 h6 10. Bh4 a6 11. Nbc3 Be7 12. Qd2 Nb6 13. Bxf6 Bxf6 14. 0-0-0 Be6 15. Ng3 0-0 16. Kb1 d4 17. Nce4 Be7 18. exd4 Qd5 19. Nc3 Qxd4 20. Qxd4 exd4 21. Rxd4 Bf6 22. Rd3 Bc4 23. Rf3 Rfe8 24. Bd3 Bxc3 25. Bxc4 Nxc4 26. Rxc3 b5 27. Rd1 Rac8 28. Ka2 a5 29. b3 Ne5 30. Rxc8 Rxc8 31. Kb2 Ng4 32. Rd5 Nxf2 33. Rxb5 Nd1+ 34. Kc1 Ne3 35. c4 a4 36. Kb2 axb3 37. Kxb3 Nxc4 38. a4 Nd2+ 39. Kb4 Rc1 40. a5 Ra1 41. Nf5 Ne4 42. Rb8+ Kh7 43. Nd4 Nd6 44. Nc6 Rb1+ 45. Kc5 Nb7+ 46. Kd5 Rd1+ 47. Ke4 Re1+ 48. Kf3 Nc5 49. Nb4 Re6 50. Rb6 Re7 51. a6 Ra7 52. Ke3 Kg8 53. Kd4 Ne6+ 54. Kc4 Kf8 55. Nc6 Ke8 56. Nxa7 Kd7 57. Nb5 Nc7 58. Nxc7 Kxc7 59. Kb5 Kc8 60. a7 Kc7 61. a8Q 1-0